Un nuevo régimen de enseñanza para las facultades venezolanas de derecho: apuntaciones de historia y crítica
Saved in:
| Hovedforfatter: | |
|---|---|
| Format: | Bog |
| Sprog: | spansk |
| Udgivet: |
Mérida
Universidad de los Andes
1961
|
| Serier: | Colección Justitia et Jus, 4
|
| Fag: | |
| Tags: |
Tilføj Tag
Ingen Tags, Vær først til at tagge denne postø!
|
MARC
| LEADER | 00000nam a2200000 a 4500 | ||
|---|---|---|---|
| 001 | UCL3390 | ||
| 003 | CL-VaPUC | ||
| 008 | 031128e19610000VE |||||||||||||||||spa|d | ||
| 082 | 0 | 4 | |a 378.4987 |b SAN |2 21 |
| 100 | 0 | |a Sánchez, Jesús Leopoldo |e author |9 480655 | |
| 245 | 1 | 3 | |a Un nuevo régimen de enseñanza para las facultades venezolanas de derecho: apuntaciones de historia y crítica |
| 300 | |a 307 p | ||
| 942 | |c BK | ||
| 945 | |d 20031128 00:00:00 |a rbrito | ||
| 260 | |a Mérida |b Universidad de los Andes |c 1961 | ||
| 650 | 0 | |a Educación superior |9 223851 | |
| 650 | 0 | |a Enseñanza del derecho |9 354184 | |
| 651 | 0 | |a Venezuela |9 254993 | |
| 583 | |a last modification |c 20031128 00:00:00 |k Rodrigo Vera | ||
| 490 | 0 | |a Colección Justitia et Jus, 4 | |
| 999 | |c 306437 |d 306435 | ||
| 952 | |0 0 |1 0 |4 0 |6 378_498700000000000_SAN_1961 |7 0 |8 P |9 371462 |a BIBDER |b BIBDER |d 2019-11-21 |i 3964175 |o 378.4987 SAN 1961 |p 3964175 |r 2023-01-25 |w 2019-11-21 |y BK |k DER | ||